[Event "Sydney Centenary U1600"]
[Site "Sydney"]
[Date "2009.01.10"]
[Round "10"]
[White "Baldwin, Tony"]
[Black "Bell, Gerry V"]
[Result "1/2-1/2"]
[WhiteElo "1340"]
[BlackElo "1346"]
[PlyCount "65"]
[EventDate "2009.01.02"]
[EventType "swiss"]
[EventRounds "11"]
[EventCountry "AUS"]
[SourceTitle "EXT 2023"]
[Source "ChessBase"]
[SourceDate "2022.10.05"]
[SourceVersion "1"]
[SourceVersionDate "2022.10.05"]
[SourceQuality "1"]

1. d4 d5 2. Nf3 Bg4 3. Bg5 Nf6 4. e3 e6 5. Bd3 Be7 6. h3 Bh5 7. 0-0 Ne4 8. Bxe7 Qxe7 9. Nc3 Bxf3 10. gxf3 Nxc3 11. bxc3 0-0 12. f4 Nd7 13. Kh2 Qh4 14. Qf3 f5 15. Rg1 Nf6 16. Kg2 Kh8 17. Kf1 g6 18. c4 c6 19. cxd5 exd5 20. Rb1 Ne4 21. Bxe4 fxe4 22. Qg2 Qh5 23. Ke1 b5 24. Kd2 a5 25. Qh2 Rf5 26. Rg3 Qh4 27. Rbg1 Qe7 28. Rg5 Qb4+ 29. Kc1 Rxg5 30. fxg5 Qa3+ 31. Kd2 Qb4+ 32. Kc1 Qa3+ 33. Kd2 1/2-1/2

[Event "Sydney Centenary U1600"]
[Site "Sydney"]
[Date "2009.01.09"]
[Round "9"]
[White "Bell, Gerry V"]
[Black "Spirov, Tony"]
[Result "1/2-1/2"]
[WhiteElo "1346"]
[BlackElo "1311"]
[PlyCount "50"]
[EventDate "2009.01.02"]
[EventType "swiss"]
[EventRounds "11"]
[EventCountry "AUS"]
[SourceTitle "EXT 2023"]
[Source "ChessBase"]
[SourceDate "2022.10.05"]
[SourceVersion "1"]
[SourceVersionDate "2022.10.05"]
[SourceQuality "1"]

1. d4 Nf6 2. c4 c5 3. d5 Qa5+ 4. Bd2 Qb6 5. Qb3 Qxb3 6. axb3 e6 7. Nc3 exd5 8. Nxd5 Nxd5 9. cxd5 Be7 10. Nf3 d6 11. e4 Bg4 12. Be2 Nd7 13. h3 Bxf3 14. gxf3 0-0 15. h4 f5 16. h5 f4 17. 0-0-0 Ne5 18. Rdg1 a5 19. h6 g6 20. Kc2 a4 21. Ra1 axb3+ 22. Kxb3 Rxa1 23. Rxa1 Bg5 24. Ra7 Rf7 25. Bc3 Bf6 1/2-1/2